[Event "Villa Ballester op 73rd"]
[Site "Buenos Aires"]
[Date "2024.01.25"]
[Round "6"]
[White "Gando, Ignacio"]
[Black "Molina Salazar, Facundo"]
[Result "0-1"]
[WhiteElo "1867"]
[BlackElo "1519"]
[PlyCount "80"]
[EventDate "2024.01.19"]
[EventType "swiss"]
[EventRounds "9"]
[EventCountry "ARG"]
[SourceTitle "CB06_2024"]
[SourceDate "2024.02.07"]
[SourceVersion "1"]
[SourceVersionDate "2024.02.07"]
[SourceQuality "1"]

1. e4 e6 2. Nf3 d5 3. e5 c5 4. b4 cxb4 5. a3 Nc6 6. axb4 Bxb4 7. c3 Be7 8. d4 a6 9. Bd3 h6 10. h4 Bd7 11. Rh3 Na7 12. Nfd2 Bb5 13. Qg4 Bf8 14. Bc2 Qc7 15. Na3 0-0-0 16. Bb2 Bxa3 17. Bxa3 g6 18. Rc1 Ne7 19. Qf4 f5 20. Bd6 Qd7 21. c4 Bxc4 22. Bb3 b5 23. Bxc4 dxc4 24. Nxc4 bxc4 25. Rxc4+ Nec6 26. Rb3 Nb5 27. Qf3 Kb7 28. d5 exd5 29. Qxd5 Rhe8 30. Rxb5+ axb5 31. Qxb5+ Ka8 32. Rxc6 Rxe5+ 33. Qxe5 Re8 34. Rc7 Rxe5+ 35. Bxe5 Qd5 36. Bg3 g5 37. hxg5 hxg5 38. Rg7 f4 39. Bxf4 gxf4 40. Kf1 Qd1# 0-1

[Event "Villa Ballester op 73rd"]
[Site "Buenos Aires"]
[Date "2024.01.23"]
[Round "5"]
[White "Troche, Dylan"]
[Black "Molina Salazar, Facundo"]
[Result "0-1"]
[WhiteElo "1766"]
[BlackElo "1519"]
[PlyCount "80"]
[EventDate "2024.01.19"]
[EventType "swiss"]
[EventRounds "9"]
[EventCountry "ARG"]
[SourceTitle "CB06_2024"]
[SourceDate "2024.02.07"]
[SourceVersion "1"]
[SourceVersionDate "2024.02.07"]
[SourceQuality "1"]

1. e4 e6 2. d3 d5 3. Nd2 c5 4. Ngf3 Nc6 5. g3 Bd6 6. Bg2 Nge7 7. 0-0 0-0 8. c3 Qc7 9. Qe2 d4 10. cxd4 cxd4 11. Nc4 e5 12. Nfd2 Be6 13. Nxd6 Qxd6 14. b3 b5 15. a4 b4 16. Bb2 Na5 17. Nc4 Bxc4 18. bxc4 Nb3 19. Ra2 a5 20. f4 f6 21. Bc1 Nc5 22. f5 Rab8 23. Ra1 Qd7 24. g4 g5 25. h4 h6 26. Kf2 Nxa4 27. Bd2 Nc3 28. Qe1 a4 29. Rh1 a3 30. hxg5 hxg5 31. Bxg5 fxg5 32. Qd2 Ng6 33. Qxg5 Qg7 34. Rh6 Nf4 35. Qh4 Ng6 36. Qg5 Rf6 37. Rah1 Rbf8 38. Kg3 Ne2+ 39. Kf3 a2 40. Qh5 Nh4+ 0-1

[Event "Villa Ballester op 73rd"]
[Site "Buenos Aires"]
[Date "2024.01.20"]
[Round "3"]
[White "Ccahuancama, Abraham William"]
[Black "Molina Salazar, Facundo"]
[Result "1-0"]
[WhiteElo "1817"]
[BlackElo "1519"]
[PlyCount "99"]
[EventDate "2024.01.19"]
[EventType "swiss"]
[EventRounds "9"]
[EventCountry "ARG"]
[SourceTitle "CB06_2024"]
[SourceDate "2024.02.07"]
[SourceVersion "1"]
[SourceVersionDate "2024.02.07"]
[SourceQuality "1"]

1. e4 e6 2. d4 d5 3. Nc3 Bb4 4. e5 c5 5. a3 Bxc3+ 6. bxc3 Qa5 7. Bd2 Qa4 8. Qb1 c4 9. Ra2 Nc6 10. h4 Bd7 11. Rh3 0-0-0 12. Rg3 g6 13. Rf3 Be8 14. Bg5 Nge7 15. Bf6 Rg8 16. Qc1 Rd7 17. Qh6 Qb5 18. Ne2 Qb1+ 19. Nc1 Nf5 20. Rxf5 gxf5 21. Kd1 Nxd4 22. cxd4 Rg4 23. c3 Rd8 24. f3 Ba4+ 25. Ke1 f4 26. Kd2 Rg6 27. Qxf4 Rd7 28. Ke1 Bb3 29. Re2 Qa1 30. Qd2 Qxa3 31. h5 Rg8 32. Qb2 Qxb2 33. Rxb2 Ba4 34. g4 b5 35. g5 a5 36. Bh3 Rb7 37. g6 hxg6 38. h6 Kd7 39. h7 Rbb8 40. hxg8Q Rxg8 41. Ra2 Ra8 42. Bf1 Bb3 43. Nxb3 cxb3 44. Bxb5+ Kc7 45. Ra4 Kb6 46. Bd3 Kc6 47. Kd2 Ra7 48. Kc1 Rb7 49. Kb2 Rb6 50. Rxa5 1-0

[Event "ARG-ch sf 98th"]
[Site "Buenos Aires"]
[Date "2023.05.02"]
[Round "4"]
[White "Perez Lascano, Lucila"]
[Black "Molina Salazar, Facundo"]
[Result "0-1"]
[WhiteElo "1272"]
[BlackElo "1498"]
[PlyCount "128"]
[EventDate "2023.04.29"]
[EventType "swiss"]
[EventRounds "9"]
[EventCountry "ARG"]
[SourceTitle "CBM 214 Extra"]
[Source "ChessBase"]
[SourceDate "2023.07.31"]
[SourceVersion "1"]
[SourceVersionDate "2023.07.31"]
[SourceQuality "1"]

1. e4 e6 2. d4 d5 3. Nd2 Nc6 4. Ngf3 Nf6 5. e5 Nd7 6. c3 f6 7. Nh4 Qe7 8. Qh5+ Qf7 9. Qxf7+ Kxf7 10. f4 g5 11. fxg5 fxe5 12. Be2 exd4 13. Bh5+ Ke7 14. 0-0 Nde5 15. Nb3 dxc3 16. bxc3 Bg7 17. Ba3+ Kd8 18. Rad1 Nc4 19. Bc1 Bd7 20. Nc5 b6 21. Nxd7 Kxd7 22. Rf7+ Kd6 23. Rxg7 Raf8 24. Nf3 Ne7 25. Nd4 a6 26. g3 c5 27. Nc2 Nf5 28. Rf7 Rxf7 29. Bxf7 Rf8 30. Bh5 e5 31. g6 hxg6 32. Bxg6 Ne7 33. Be4 d4 34. cxd4 exd4 35. Na3 Nxa3 36. Bxa3 Ke5 37. Re1 Nd5 38. Bg2+ Kd6 39. Bc1 Nc3 40. Bf4+ Kd7 41. Bh3+ Kc6 42. Re7 d3 43. Re6+ Kb5 44. Bf1 c4 45. Re5+ Ka4 46. Re6 Nd5 47. Re4 Kb5 48. Bd6 Rf3 49. Rd4 Ne3 50. Bg2 Nxg2 51. Kxg2 Re3 52. a4+ Kc6 53. Bb4 a5 54. Bc3 Kc5 55. Rd8 Re2+ 56. Kh3 Rc2 57. Rc8+ Kd5 58. Rd8+ Ke6 59. Be1 Ra2 60. Rb8 d2 61. Rxb6+ Kd5 62. Rb5+ Kc6 63. Bxd2 Rxd2 64. Rxa5 c3 0-1